Neoliberálny systém sociálneho trhového hospodárstva
Ordonáuka ako základ a východisko neoliberalizmu. Zásady hospodárskeho poriadku W. Euckena. Charakteristika a fungovanie modelu sociálneho trhového hospodárstva. Ochrana súkromného vlastníctva. Konkurencia a monopol. Obmedzené funkcie štátu a sociálny systém.
Gespeichert in:
| 1. Verfasser: | |
|---|---|
| Format: | Buchkapitel |
| Sprache: | Slowakisch |
| Schlagworte: | |
| Tags: |
Keine Tags, Fügen Sie das erste Tag hinzu!
|
MARC
| LEADER | 00000naa$a2200000$$$4500 | ||
|---|---|---|---|
| 001 | 0093725 | ||
| 005 | 20240502072038.5 | ||
| 041 | 0 | |a slo | |
| 044 | |a SK | ||
| 245 | 1 | 0 | |a Neoliberálny systém sociálneho trhového hospodárstva |c Ján Lisý |
| 520 | |a Ordonáuka ako základ a východisko neoliberalizmu. Zásady hospodárskeho poriadku W. Euckena. Charakteristika a fungovanie modelu sociálneho trhového hospodárstva. Ochrana súkromného vlastníctva. Konkurencia a monopol. Obmedzené funkcie štátu a sociálny systém. | ||
| 610 | 2 | 0 | |a hospodárstvo trhové |
| 610 | 2 | 0 | |a neoliberalizmus |
| 610 | 2 | 0 | |a liberalizmus |
| 610 | 2 | 0 | |a konkurencia |
| 610 | 2 | 0 | |a monopoly |
| 610 | 2 | 0 | |a vlastníctvo súkromné |
| 610 | 2 | 0 | |a regulácia trhu |
| 100 | 1 | |a Lisý, Ján | |